[Event "Challenge"]
[Site "http://www.queenalice.com/game.php?id=144737"]
[Date "2006.12.21"]
[Round "-"]
[White "felipemm"]
[Black "longhi"]
[Result "1-0"]
[WhiteElo "1292"]
[BlackElo "1160"]

1. g4 b6 2. e3 Bb7 3. f3 Nc6 4. c3 g6 5. b4 Ne5 6. Na3 Ba6 7. Bxa6 e6 8. Ne2 d5
9. Nb5 Nxf3+ 10. Kf1 Qd7 11. Nbd4 Ne5 12. Bb5 c6 13. Nxc6 Nxc6 14. Nd4 Nge7 15.
Ba6 Nb8 16. b5 Qd6 17. Bb7 e5 18. Nf3 e4 19. Ng5 Qf6+ 20. Ke1 Qxg5 21. Bxa8 Bg7
22. Rf1 O-O 23. Ba3 a6 24. Bd6 axb5 25. a4 bxa4 26. Rxa4 Qf6 27. Rxf6 Bxf6 28.
Ra7 Bh4+ 29. Kf1 Rd8 30. Bxe7 Bxe7 31. Rxe7 b5 32. g5 Nd7 33. Qg4 Ne5 34. Rxe5
Rxa8 35. Kf2 Rf8 36. Rxd5 f5 37. Qh4 h5 38. Rd6 Kg7 39. Rd7+ Rf7 40. Rd6 Kf8 41.
Rxg6 Rd7 42. Qxh5 Rxd2+ 43. Ke1 1-0

[Event "Challenge"]
[Site "http://www.queenalice.com/game.php?id=144742"]
[Date "2006.12.21"]
[Round "-"]
[White "felipemm"]
[Black "mescaline"]
[Result "0-1"]
[WhiteElo "1100"]
[BlackElo "1100"]

1. e4 e5 2. Bc4 Nc6 3. Qf3 Nf6 4. Nc3 Nd4 5. Qd3 Bb4 6. Nd5 c5 7. Nf3 Nxf3+ 8.
gxf3 d6 9. Rg1 O-O 10. h4 Nh5 11. Qe3 Qxh4 12. Qh6 Be6 13. Nf6+ Qxf6 14. Qxh5
Bxc4 15. c3 Ba5 16. d3 Bxd3 17. Bh6 g6 18. O-O-O Be2 19. Rde1 Bxf3 20. Qh3 d5
21. Re3 dxe4 22. Bg5 Qe6 23. Qh6 f6 24. Bh4 Qxa2 25. Ree1 Rad8 26. Bxf6 Rxf6 27.
Rh1 Bxh1 28. Rxh1 Qa1+ 29. Kc2 Rxf2+ 30. Kb3 Qxb2+ 31. Kc4 Qxc3+ 32. Kb5 Qb4#
0-1

[Event "Challenge"]
[Site "http://www.queenalice.com/game.php?id=144759"]
[Date "2006.12.22"]
[Round "-"]
[White "HelbertW"]
[Black "felipemm"]
[Result "0-1"]
[WhiteElo "1096"]
[BlackElo "1259"]

1. e4 d5 2. Nc3 c6 3. Qf3 Nf6 4. d3 Nbd7 5. exd5 Nxd5 6. Nxd5 cxd5 7. Qxd5 e6 8.
Qe4 Nc5 9. Qe5 f6 10. Qh5+ g6 11. Qf3 f5 12. Qe3 b6 0-1

[Event "Challenge"]
[Site "http://www.queenalice.com/game.php?id=145232"]
[Date "2006.12.23"]
[Round "-"]
[White "felipemm"]
[Black "lucianogjunqueira"]
[Result "1-0"]
[WhiteElo "1281"]
[BlackElo "1018"]

1. d4 d5 2. e3 f5 3. Nc3 c6 4. f4 e6 5. b3 b6 6. Qh5+ g6 7. Qg5 Be7 8. Qg3 Bb4
9. Bd2 Qe7 10. Nf3 Bb7 11. Ne5 Na6 12. a3 Bd6 13. Nf3 O-O-O 14. h4 Nf6 15. Qf2
Ne4 16. Nxe4 fxe4 17. Ng5 h6 18. Nh3 Rhf8 19. c3 Rf5 20. O-O-O Bxa3+ 21. Kc2 e5
22. g4 Rff8 23. dxe5 d4 24. exd4 e3 25. Qxe3 Qxh4 26. Bc1 Be7 27. c4 Qxg4 28.
Be2 Qf5+ 29. Bd3 Nb4+ 30. Kb1 Qh5 31. Be2 Qf5+ 32. Bd3 Qh5 33. Rd2 Kb8 34. Ba3
g5 35. Be2 Qg6+ 36. Kc1 g4 37. Rg1 gxh3 38. Rxg6 Rg8 39. f5 h2 40. Qxh6 Bh4 41.
Qxh4 Rh8 42. Rh6 Rhg8 43. Bxb4 Rg1+ 44. Rd1 h1=Q 45. Qxh1 Rxh1 46. Rdxh1 Rxd4
47. Rh7 a5 48. Bd6+ Ka7 49. f6 Re4 50. Bd3 Rd4 51. Kc2 b5 52. Bc5+ Kb8 53. Bxd4
a4 54. f7 a3 55. f8=Q+ Bc8 56. Bf5 1-0

[Event "Challenge"]
[Site "http://www.queenalice.com/game.php?id=146501"]
[Date "2006.12.26"]
[Round "-"]
[White "Novidade"]
[Black "felipemm"]
[Result "1-0"]
[WhiteElo "2036"]
[BlackElo "1140"]

1. e4 c6 2. d4 e5 3. Nf3 f6 4. Nbd2 Qa5 5. Be2 Nh6 6. O-O Ng4 7. h3 Nh6 8. Nc4
Qb5 9. dxe5 Nf7 10. exf6 gxf6 11. Nd6+ Nxd6 12. Bxb5 Nxb5 13. a4 Nc7 14. e5 b6
15. exf6 c5 16. Re1+ Ne6 17. Qd5 Rg8 18. Qxa8 Ba6 19. Ne5 Nd8 20. f7+ Nxf7 21.
Ng6+ Kd8 22. Qxb8+ Bc8 23. Nxf8 Rxf8 24. Bf4 1-0

[Event "Challenge"]
[Site "http://www.queenalice.com/game.php?id=146716"]
[Date "2006.12.27"]
[Round "-"]
[White "kungfugod"]
[Black "felipemm"]
[Result "0-1"]
[WhiteElo "1241"]
[BlackElo "1305"]

1. c4 c5 2. Nc3 e6 3. e4 Nc6 4. Nf3 Nf6 5. d3 Bd6 6. Be2 Nh5 7. Nb5 Bf4 8. Bxf4
Nxf4 9. Nd6+ Kf8 10. O-O h5 11. Qd2 g5 12. Kh1 e5 13. g3 Nh3 14. Kg2 Nf4+ 15.
gxf4 Rg8 16. fxg5 Qe7 17. Nf5 Qe6 18. h4 Nd4 19. N3xd4 cxd4 20. Bxh5 Rh8 21. Qe2
b6 22. Bg4 Rxh4 23. Rh1 Rxh1 0-1

[Event "Challenge"]
[Site "http://www.queenalice.com/game.php?id=157756"]
[Date "2007.1.22"]
[Round "-"]
[White "felipemm"]
[Black "vult0"]
[Result "0-1"]
[WhiteElo "1313"]
[BlackElo "1811"]

1. d4 d5 2. Nc3 e6 3. e3 Nf6 4. Nf3 Bb4 5. Bb5+ c6 6. Ba4 h6 7. a3 Ba5 8. b4 Bc7
9. h3 O-O 10. Ne2 Qd6 11. c3 Nbd7 12. Ng3 Ne4 13. Bb2 Nxg3 14. Rh2 Ne4 15. Qd3
Ndf6 16. c4 dxc4 17. Qxc4 b5 18. Qb3 bxa4 19. Qxa4 Bd7 20. O-O-O Qd5 21. Qc2
Bxh2 22. Nxh2 a5 23. Kb1 axb4 24. Rd3 Rfb8 25. f3 bxa3 26. fxe4 Nxe4 27. Nf3
Rxb2+ 28. Kc1 Rxc2+ 29. Kxc2 a2 30. Rd1 Qc4+ 31. Kb2 Qc3# 0-1

[Event "Challenge"]
[Site "http://www.queenalice.com/game.php?id=178383"]
[Date "2007.3.8"]
[Round "-"]
[White "holandes"]
[Black "felipemm"]
[Result "1-0"]
[WhiteElo "1641"]
[BlackElo "1297"]

1. e4 c6 2. d4 f6 3. c4 Qa5+ 4. Bd2 Qb6 5. Bc3 Na6 6. a3 d6 7. Nf3 h5 8. Nbd2 g5
9. b4 g4 10. c5 dxc5 11. dxc5 Qc7 12. Nh4 Rh6 13. Nf5 Rg6 14. Qc2 e6 15. Nh4 Rg5
16. f3 g3 17. O-O-O gxh2 18. Nc4 1-0

[Event "Challenge"]
[Site "http://www.queenalice.com/game.php?id=191574"]
[Date "2007.4.4"]
[Round "-"]
[White "gaspar_jr"]
[Black "felipemm"]
[Result "1-0"]
[WhiteElo "1287"]
[BlackElo "1324"]

1. e4 d6 2. Be2 Nc6 3. Nc3 g5 4. Bh5 Nf6 5. Bf3 g4 6. Be2 a5 7. d4 Nb4 8. Bb5+
c6 9. Ba4 Be6 10. Nge2 b5 11. Bb3 Bd7 12. a3 a4 13. Bxf7+ Kxf7 14. Qd2 Rg8 15.
Nd1 c5 16. Nf4 cxd4 17. Qxb4 Bc6 18. Qxd4 Bh6 19. g3 Bxe4 20. O-O e5 21. Qb4 Rb8
22. Nc3 d5 23. Rd1 Rc8 24. Be3 d4 25. Qxb5 Rxc3 26. Qxe5 Qe7 27. Bxd4 Rg5 28.
Qxe7+ Kxe7 29. Bxc3 Bxc2 30. Bb4+ Kf7 31. Rd7+ Nxd7 32. Re1 Re5 33. Rc1 1-0

[Event "Challenge"]
[Site "http://www.queenalice.com/game.php?id=204874"]
[Date "2007.5.1"]
[Round "-"]
[White "felipemm"]
[Black "lucianogjunqueira"]
[Result "1-0"]
[WhiteElo "1293"]
[BlackElo "1095"]

1. e4 d6 2. Nc3 e6 3. g4 g6 4. Nf3 c6 5. d3 d5 6. h4 f6 7. a3 Qb6 8. Be3 Qxb2 9.
Bd4 Bxa3 10. Na4 Qb4+ 11. c3 Qa5 12. Rxa3 Na6 13. Bh3 Nb4 14. O-O Qa6 15. cxb4
Qc4 16. dxc4 1-0

[Event "Felipe X Roberto"]
[Site "http://www.queenalice.com/game.php?id=597177"]
[Date "2009.6.2"]
[Round "-"]
[White "longhi"]
[Black "felipemm"]
[Result "0-1"]
[WhiteElo "1144"]
[BlackElo "1301"]

1. Nf3 Nf6 2. Rg1 d5 3. b4 Bf5 4. Nd4 Bg6 5. Na3 e5 6. Nf3 Nbd7 7. c4 Bh5 8.
cxd5 e4 9. Ng5 Bg6 10. Bb2 Ng4 11. f3 Nxh2 12. Nh3 exf3 13. gxf3 Qh4+ 14. Nf2 c5
15. dxc6 bxc6 16. Qc1 Rc8 17. Qc4 Be7 18. b5 Nb6 19. Qb3 Rd8 20. Bxg7 Qd4 21.
Rd1 Qxg7 22. Rg2 Bd6 23. Qe3+ Be7 24. Rxh2 c5 25. Rc1 O-O 26. Qxe7 Qb2 27. Qxc5
Rc8 28. Nd1 Qxa2 29. Bh3 Rxc5 30. Rxc5 Qxa3 31. Rc3 Qa1 32. f4 f5 33. e4 Re8 34.
Re2 fxe4 35. Be6+ Rxe6 36. f5 Bxf5 37. Rg2+ Rg6 38. Rcg3 e3 39. Ke2 Nc4 40. Nc3
Qc1 41. Rg1 Qxd2+ 42. Kf1 Qxc3 43. Kg2 Qd2+ 44. Kf3 Qf2# 0-1

[Event "Challenge"]
[Site "http://www.queenalice.com/game.php?id=612117"]
[Date "2009.7.2"]
[Round "-"]
[White "montelo"]
[Black "felipemm"]
[Result "1-0"]
[WhiteElo "1778"]
[BlackElo "1313"]

1. e4 c5 2. Nf3 Nf6 3. Nc3 h5 4. Bc4 d6 5. Ng5 e6 6. Qf3 Nc6 7. Bb5 a6 8. Bxc6+
bxc6 9. a3 Qa5 10. e5 dxe5 11. Qxc6+ Bd7 12. Qxa8+ Qd8 13. Qxa6 h4 14. d3 Qc8
15. Qc4 Bc6 16. f3 Nh5 17. g4 Nf4 18. Bxf4 f6 19. Nxe6 1-0

[Event "Challenge"]
[Site "http://www.queenalice.com/game.php?id=612118"]
[Date "2009.7.2"]
[Round "-"]
[White "felipemm"]
[Black "montelo"]
[Result "0-1"]
[WhiteElo "1313"]
[BlackElo "1770"]

1. e4 e5 2. Nf3 Nc6 3. Bc4 Qf6 4. Nc3 Bc5 5. Nb5 Bb6 6. b3 Na5 7. b4 Nxc4 8. d3
Nd6 9. c4 Nxb5 10. cxb5 h6 11. Bb2 d6 12. a4 g5 13. h3 h5 14. a5 g4 15. Nd2
Qxf2# 0-1